Cultivating Organizational Excellence (Record no. 4867)

MARC details
000 -CABECERA
campo de control de longitud fija 02793cam a22003735i 4500
001 - NÚMERO DE CONTROL
campo de control 12846724
005 - FECHA Y HORA DE LA ÚLTIMA TRANSACCIÓN
campo de control 20250826134554.0
006 - CÓDIGOS DE INFORMACIÓN DE LONGITUD FIJA--CARACTERÍSTICAS DEL MATERIAL ADICIONAL
campo de control de longitud fija m d
007 - CAMPO FIJO DE DESCRIPCIÓN FÍSICA--INFORMACIÓN GENERAL
campo de control de longitud fija cr n
008 - DATOS DE LONGITUD FIJA--INFORMACIÓN GENERAL
campo de control de longitud fija 230411s2023 sz | o |||| 0|eng d
020 ## - NÚMERO INTERNACIONAL ESTÁNDAR DEL LIBRO
Número Internacional Estándar del Libro 9783031262890
020 ## - NÚMERO INTERNACIONAL ESTÁNDAR DEL LIBRO
Número Internacional Estándar del Libro 9783031262883
020 ## - NÚMERO INTERNACIONAL ESTÁNDAR DEL LIBRO
Número Internacional Estándar del Libro 9783031262906
020 ## - NÚMERO INTERNACIONAL ESTÁNDAR DEL LIBRO
Número Internacional Estándar del Libro 9783031262913
024 7# - IDENTIFICADOR DE OTROS ESTÁNDARES
Número estándar o código 10.1007/978-3-031-26289-0
Fuente del número o código doi
035 ## - NÚMERO DE CONTROL DEL SISTEMA
Número de control de sistema (WaSeSS)ssj0002883593
040 ## - FUENTE DE LA CATALOGACIÓN
Centro/agencia modificador WaSeSS
Centro/agencia transcriptor tbs
041 ## - CÓDIGO DE LENGUA
Código de lengua del texto/banda sonora o título independiente English
050 #4 - SIGNATURA TOPOGRÁFICA DE LA BIBLIOTECA DEL CONGRESO
Número de clasificación HD58.8
100 ## - ENTRADA PRINCIPAL--NOMBRE DE PERSONA
Nombre de persona Aalders, Albert Ferdinand.
9 (RLIN) 25768
245 10 - MENCIÓN DE TÍTULO
Título Cultivating Organizational Excellence
Resto del título : A Practitioner's View
Mención de responsabilidad, etc. / by Albert Ferdinand Aalders.
250 ## - MENCIÓN DE EDICIÓN
Mención de edición First edition
264 #1 - PRODUCCIÓN, PUBLICACIÓN, DISTRIBUCIÓN, FABRICACIÓN Y COPYRIGHT
Producción, publicación, distribución, fabricación y copyright Cham :
Nombre del de productor, editor, distribuidor, fabricante Springer Nature Switzerland :
-- Imprint: Springer,
Fecha de producción, publicación, distribución, fabricación o copyright 2023.
490 1# - MENCIÓN DE SERIE
Mención de serie Management for Professionals,
Número Internacional Normalizado para Publicaciones Seriadas 2192-810X
505 0# - NOTA DE CONTENIDO CON FORMATO
Nota de contenido con formato The basics — The dynamics — Measuring (results) — Organization learning — Reward and recognition — Ecosystem leverage — Cultivating excellence.
506 ## - NOTA DE RESTRICCIONES AL ACCESO
Limitaciones de acceso Access may be restricted to institutions with a site license.
520 ## - SUMARIO, ETC.
Sumario, etc. This book offers a comprehensive approach to organizational excellence based on the author's vast experience in managing excellence at highly innovative and dynamic organizations. It integrates various approaches into a consistent view of achieving excellence in the context of dynamic technological and societal developments. Starting from purpose and mission, it describes stakeholder mapping and analysis, and process and quality management. In turn, it sheds light on how to deal with business dynamics of various types and demonstrates how quantum-mechanical models can help to understand and manage dynamic organizational processes. The book then introduces readers to result measuring and performance management, followed by organizational learning and rewards and recognition. Moreover, it discusses (innovation) ecosystem leverage and organizational culture management as further important capabilities of excellent organizations. Best practices in corporate social responsibility and environmental, social and governance aspects are fully integrated throughout the book, which concludes by explaining how the UN Sustainable Development Goals can be applied to optimize business initiatives. The book is intended as a source of inspiration for managers working under highly dynamic organizational conditions, helping them take their businesses to higher levels. It also provides valuable industrial insights for scholars with an interest in organizational excellence.
650 #0 - PUNTO DE ACCESO ADICIONAL DE MATERIA--TÉRMINO DE MATERIA
Término de materia o nombre geográfico como elemento de entrada Industrial organization
9 (RLIN) 3079
650 #0 - PUNTO DE ACCESO ADICIONAL DE MATERIA--TÉRMINO DE MATERIA
Término de materia o nombre geográfico como elemento de entrada Strategic planning
9 (RLIN) 3573
650 #0 - PUNTO DE ACCESO ADICIONAL DE MATERIA--TÉRMINO DE MATERIA
Término de materia o nombre geográfico como elemento de entrada Leadership
9 (RLIN) 2600
650 #0 - PUNTO DE ACCESO ADICIONAL DE MATERIA--TÉRMINO DE MATERIA
Término de materia o nombre geográfico como elemento de entrada Technological innovations
9 (RLIN) 4276
650 #0 - PUNTO DE ACCESO ADICIONAL DE MATERIA--TÉRMINO DE MATERIA
Término de materia o nombre geográfico como elemento de entrada Sustainability
9 (RLIN) 5153
942 ## - ELEMENTOS DE ENTRADA AGREGADA (KOHA)
Fuente del sistema de clasificación o colocación Clasificación de Library of Congress
Holdings
Estado de retiro Estado de pérdida Fuente del sistema de clasificación o colocación Estado dañado No para préstamo Biblioteca de origen Biblioteca actual Fecha de adquisición Total de préstamos Signatura topográfica completa Código de barras Fecha visto por última vez Número de copia Precio válido a partir de Tipo de ítem Koha
    Clasificación de Library of Congress     TBS Barcelona TBS Barcelona 26/08/2025   HD58.8 AAL B05689 26/08/2025 1 26/08/2025 Book

Powered by Koha